书目信息 |
| 题名: |
卧式蒸发冷却电机定子的绝缘与传热
|
|
| 作者: | 栾茹 著 | |
| 分册: | ||
| 出版信息: | 北京 科学出版社 2009.01 |
|
| 页数: | 155页 | |
| 开本: | 26cm | |
| 丛书名: | ||
| 单 册: | ||
| 中图分类: | TM311 | |
| 科图分类: | ||
| 主题词: | 发电机 , 发电机--机组 | |
| 电子资源: | ||
| ISBN: | 978-7-03-022951-9 | |
| 000 | 00607nam0 2200205 450 | |
| 001 | 0954065795 | |
| 005 | 20091214150302.07 | |
| 010 | @a978-7-03-022951-9@dCNY45.00 | |
| 100 | @a20091214d2009 km y0chiy0120 ea | |
| 101 | 0 | @achi |
| 102 | @aCN@b110000 | |
| 200 | 1 | @a卧式蒸发冷却电机定子的绝缘与传热@Awo shi zheng fa leng que dian ji ding zi de jue yuan yu chuan re@f栾茹著@Fluan ru zhu |
| 210 | @a北京@c科学出版社@d2009.01 | |
| 215 | @a155页@d26cm | |
| 606 | 0 | @a发电机 |
| 606 | 0 | @a发电机@x机组 |
| 690 | @aTM311@v4 | |
| 701 | 0 | @a栾茹@Aluan ru@4著 |
| 801 | 0 | @aCN@bNISOFT@c20091214 |
| 905 | @aBZT@dTM311@e1 | |
| 卧式蒸发冷却电机定子的绝缘与传热/栾茹著.-北京:科学出版社,2009.01 |
| 155页;26cm |
| ISBN 978-7-03-022951-9:CNY45.00 |
| ● |
| 相关链接 |
|
|
|
正题名:卧式蒸发冷却电机定子的绝缘与传热
索取号:TM311/1
 
预约/预借
| 序号 | 登录号 | 条形码 | 馆藏地/架位号 | 状态 | 备注 |
| 1 | 726868 | 2000726868 | 样本书库/样007架B面2层3列/ [索取号:TM311/1] | 在馆 | |
| 2 | 726869 | 2000726869 | 中心书库中库/ 中库029架A面2列1层23/ [索取号:TM311/1] | 在馆 | |
| 3 | 726870 | 2000726870 | 中心书库中库/ 中库029架A面2列1层24/ [索取号:TM311/1] | 在馆 | |
| 4 | 726871 | 2000726871 | 中心书库中库/ 中库029架A面2列1层25/ [索取号:TM311/1] | 在馆 | |
| 5 | 726872 | 2000726872 | 中心书库中库/ 中库029架A面2列1层26/ [索取号:TM311/1] | 在馆 | |
| 6 | 726873 | 2000726873 | 中心书库中库/ 中库029架A面2列1层27/ [索取号:TM311/1] | 在馆 |